Statistics for US Sports Commissioners

Click here to take the quiz!

General Stats

  • This quiz has been taken 10 times
  • The average score is 3 of 9

Answer Stats

Hint Answer % Correct
NFLRoger Goodell
100%
NBAAdam Silver
60%
MLBBud Selig
60%
NHLGary Bettman
30%
AFLJerry Kurz
10%
MLSDon Garber
0%
MLLDavid Gross
0%
PGATimothy Finchem
0%
UFCJeff Blatnick
0%

Score Distribution

Percentile by Number Answered

Percent of People with Each Score

Your Score History

You have not taken this quiz